000 00741nam a22002172 4500
001 0000007179
005 20151217152025.0
008 071127s xx 000 0 eng d
020 _a1403991537 :
_cKES 6525
040 _aKABU
_cKABU
245 1 0 _aRisk management in emerging markets /
_ced. by Sima Motamen-Samadian.
260 _aBasingstoke, England :
_bPalgrave Macmillan,
_c2005.
300 _axv, 167 p.
650 0 _aRisk management
_zDeveloping countries.
_@0000158266
650 0 _aSecurities
_zDeveloping countries.
_@0000158267
700 1 _aMotamen- Samadian, Sima.
_@0000158174
908 _a071127
950 _@1
999 _c7429
_d7429